A handbook of physics measurements / (Record no. 63592)

MARC details
000 -LEADER
campo de control de longitud fija 00692nam a2200217 i 4500
001 - NÚMERO DE CONTROL
campo de control 63592
003 - IDENTIFICADOR DE NÚMERO DE CONTROL
campo de control ES-MaACL
005 - FECHA Y HORA DE LA ÚLTIMA TRANSACCIÓN
campo de control 20250725062533.0
007 - CAMPO FIJO DE DESCRIPCIÓN FÍSICA--INFORMACIÓN GENERAL
campo de control de longitud fija t|
008 - DATOS DE LONGITUD FIJA--INFORMACIÓN GENERAL
campo de control de longitud fija 031212s1918 xxu ||||1| eng d
100 1# - ENTRADA PRINCIPAL--NOMBRE DE PERSONA
Nombre de persona Ferry, Ervin S.
9 (RLIN) 50607
245 12 - MENCIÓN DEL TÍTULO
Título A handbook of physics measurements /
Mención de responsabilidad, etc. by Ervin S. Ferry ; in collaboration with O.W. Silvey, G.W. Sherman.
250 ## - MENCION DE EDICION
Mención de edición 1st ed.
260 ## - PUBLICACIÓN, DISTRIBUCIÓN, ETC.
Lugar de publicación, distribución, etc. New York :
Nombre del editor, distribuidor, etc. John Wiley and Sons,
Fecha de publicación, distribución, etc. 1918 (
Lugar de fabricación/manufactura Boston :
Fabricante F. H. Gilson company)
300 ## - DESCRIPCIÓN FÍSICA
Extensión 2 v. :
Otras características físicas il. ;
Dimensiones 21 cm.
650 07 - PUNTO DE ACCESO ADICIONAL DE MATERIA--TÉRMINO DE MATERIA
Término de materia o nombre geográfico como elemento de entrada Física
Fuente del encabezamiento o término embne
9 (RLIN) 12877
700 1# - ENTRADA AGREGADA--NOMBRE PERSONAL
Nombre de persona Silvey, O. W.
9 (RLIN) 106450
700 1# - ENTRADA AGREGADA--NOMBRE PERSONAL
Nombre de persona Sherman, G. W.
9 (RLIN) 106100
852 ## - LOCALIZACIÓN
Ubicación ES-MaACL
Número de control de estantería B-2364-5
Holdings
Estatus retirado Estado de pérdida Estado de daño No para préstamo Biblioteca de origen Biblioteca actual Ubicación en estantería Fecha de adquisición Fuente de adquisición Total de préstamos Signatura topográfica completa Código de barras Visto por última vez Precio de reemplazo Tipo de ítem Koha
        Biblioteca del Ateneo de Madrid Biblioteca del Ateneo de Madrid Sala Pardo Bazán 17/01/2008     B-2364-5 1066652 23/02/2023 23/02/2023 Libro impreso